Statistiques concernant Meilleur pv 1g

Cliquez ici pour prendre le quiz!

Statistiques générales

  • Ce quiz a été pris 9 fois
  • Le résultat moyen est 10 sur 14

Statistiques - réponses

HintRéponse% Correct
130aquali
100%
105kangourex
100%
250leveinard
100%
100mew
100%
106mewtwo
100%
160ronflex
100%
105rhinoferos
75%
140grodoudou
50%
105grotadmorv
50%
130lokhlass
50%
105mega kangourex
50%
106mega mewtwo x
50%
106mega mewtwo y
50%
115rondoudou
25%

Distribution des résultats

Percentile par nombre de réponses

% des personnes avec chaque résultat

Votre développement - résultats

Vous n’avez pas pris ce quiz